000 00617nam a2200253Ia 4500
003 OSt
005 20220912151546.0
006 a|||||r|||| 00| 0
007 ta
008 220909b |||||||| |||| 00| 0 eng d
024 _a51878
037 _cTextual
040 _aCSL
_beng
_cCSL
041 _aeng
082 _aJ:1-4, M7
100 _aBrueil G W
245 0 _aSoil borne plant pathogens
260 _aNew York
_b Macmillan Pub
_c1987
300 _a368p.
_ccm.
650 _a Soil
650 _aAgriculture
942 _hJ:1-4, M7
_cTEXL
_2CC
999 _c71317
_d71317